<?xml version="1.0" encoding="UTF-8"?>
<record
    xmlns:xsi="http://www.w3.org/2001/XMLSchema-instance"
    xsi:schemaLocation="http://www.loc.gov/MARC21/slim http://www.loc.gov/standards/marcxml/schema/MARC21slim.xsd"
    xmlns="http://www.loc.gov/MARC21/slim">

  <leader>02661nam a2200325 i 4500</leader>
  <controlfield tag="001">000043838</controlfield>
  <controlfield tag="003">DO-SdBNP</controlfield>
  <controlfield tag="005">20241206085813.0</controlfield>
  <controlfield tag="007">ta</controlfield>
  <controlfield tag="008">140506s2003    dr a    r     001 0 spa d</controlfield>
  <datafield tag="040" ind1=" " ind2=" ">
    <subfield code="a">DO-SdBNP</subfield>
    <subfield code="b">spa</subfield>
    <subfield code="c">BNPHU</subfield>
  </datafield>
  <datafield tag="041" ind1=" " ind2=" ">
    <subfield code="a">spa</subfield>
  </datafield>
  <datafield tag="082" ind1=" " ind2="4">
    <subfield code="a">362.8292</subfield>
    <subfield code="b">R426m 2003</subfield>
    <subfield code="2">22</subfield>
  </datafield>
  <datafield tag="110" ind1="1" ind2=" ">
    <subfield code="a">Rep&#xFA;blica Dominicana.</subfield>
    <subfield code="b">Secretar&#xED;a de Estado de la Mujer</subfield>
    <subfield code="9">38238</subfield>
  </datafield>
  <datafield tag="245" ind1="0" ind2="0">
    <subfield code="a">Modelo nacional para la prevenci&#xF3;n y atenci&#xF3;n de la violencia intrafamiliar.</subfield>
  </datafield>
  <datafield tag="250" ind1=" " ind2=" ">
    <subfield code="a">2a. ed.</subfield>
  </datafield>
  <datafield tag="264" ind1=" " ind2="1">
    <subfield code="a">Santo Domingo :</subfield>
    <subfield code="b">Secretar&#xED;a de Estado de la Mujer,</subfield>
    <subfield code="c">2003.</subfield>
  </datafield>
  <datafield tag="300" ind1=" " ind2=" ">
    <subfield code="a">80 p&#xE1;ginas :</subfield>
    <subfield code="b">ilustraciones, tablas ;</subfield>
    <subfield code="c">28 cm.</subfield>
  </datafield>
  <datafield tag="336" ind1=" " ind2=" ">
    <subfield code="a">texto</subfield>
    <subfield code="b">txt</subfield>
    <subfield code="2">rdacontent </subfield>
  </datafield>
  <datafield tag="337" ind1=" " ind2=" ">
    <subfield code="a">sin mediaci&#xF3;n </subfield>
    <subfield code="b">n</subfield>
    <subfield code="2">rdamedia</subfield>
  </datafield>
  <datafield tag="338" ind1=" " ind2=" ">
    <subfield code="a">volumen </subfield>
    <subfield code="b">nc</subfield>
    <subfield code="2">rdacarrier </subfield>
  </datafield>
  <datafield tag="500" ind1=" " ind2=" ">
    <subfield code="a">Primera y segunda jornada de trabajo 25-26, 31 de mayo 2001 respectivamente.</subfield>
  </datafield>
  <datafield tag="505" ind1="0" ind2=" ">
    <subfield code="a">Introducciones involucradas en el modelo --</subfield>
    <subfield code="t">Presentaci&#xF3;n --</subfield>
    <subfield code="t">Introducci&#xF3;n --</subfield>
    <subfield code="t">Marco conceptual del modelo de atenci&#xF3;n --</subfield>
    <subfield code="t">Un enfoque conceptual com&#xFA;n que facilite sentir, prevenir y enfrentar la violencia intrafamiliar --</subfield>
    <subfield code="t">La violencia en las familias --</subfield>
    <subfield code="t">Tipos de violencia intrafamiliar contra personas menores de edad --</subfield>
    <subfield code="t">Violencia y los ciclos vitales de agresi&#xF3;n, los ciclos de la violencia --</subfield>
    <subfield code="t">El impacto de la violencia intrafamiliar en la vida de las personas afectadas --</subfield>
    <subfield code="t">No enfrentar el problema de la violencia intrafamiliar implica grandes costos para la sociedad -- El modelo nacional de prevenci&#xF3;n --</subfield>
    <subfield code="t">Principios orientadores del modelo de prevenci&#xF3;n y atenci&#xF3;n de la violencia intrafamiliar --</subfield>
    <subfield code="t">Visi&#xF3;n estrat&#xE9;gica del modelo --</subfield>
    <subfield code="t">Objetivos del m&#xE9;todo --</subfield>
    <subfield code="t">Poblaci&#xF3;n meta del modelo --</subfield>
    <subfield code="t">Definici&#xF3;n de atenci&#xF3;n integral a la violencia intrafamiliar que se promueve en este modelo --</subfield>
    <subfield code="t">Caracter&#xED;sticas de la atenci&#xF3;n integral a la violencia intrafamiliar que se promueve en este modelo --</subfield>
    <subfield code="t">Tareas fundamentales de la atenci&#xF3;n a la violencia intrafamiliar en el marco de este modelo --</subfield>
    <subfield code="t">Implementaci&#xF3;n del modelo nacional de prevenci&#xF3;n y atenci&#xF3;n --</subfield>
    <subfield code="t">Propuesta de organizaci&#xF3;n para el abordaje de los conflictos --</subfield>
    <subfield code="t">Organizaci&#xF3;n del modelo de prevenci&#xF3;n y atenci&#xF3;n --</subfield>
    <subfield code="t">Estructura macro del modelo --</subfield>
    <subfield code="t">Estructura micro del modelo --</subfield>
    <subfield code="t">Algunas tareas que pueden ayudar a consolidar y garantizar la permanencia del modelo.</subfield>
  </datafield>
  <datafield tag="590" ind1=" " ind2=" ">
    <subfield code="a">Inventariado, 2018/BT</subfield>
  </datafield>
  <datafield tag="650" ind1=" " ind2="7">
    <subfield code="a">Violencia familiar</subfield>
    <subfield code="z">Rep&#xFA;blica Dominicana</subfield>
    <subfield code="9">71703</subfield>
    <subfield code="2">LEMB</subfield>
  </datafield>
  <datafield tag="650" ind1=" " ind2="7">
    <subfield code="a">Familias con problemas</subfield>
    <subfield code="z">Rep&#xFA;blica Dominicana</subfield>
    <subfield code="9">11762</subfield>
    <subfield code="2">LEMB</subfield>
  </datafield>
  <datafield tag="710" ind1="1" ind2=" ">
    <subfield code="a">Rep&#xFA;blica Dominicana.</subfield>
    <subfield code="b">Secretar&#xED;a de Estado de la Mujer</subfield>
    <subfield code="9">38238</subfield>
  </datafield>
  <datafield tag="910" ind1=" " ind2=" ">
    <subfield code="a">Validado. Control de calidad. EMS</subfield>
  </datafield>
  <datafield tag="942" ind1=" " ind2=" ">
    <subfield code="2">ddc</subfield>
    <subfield code="c">LBS1</subfield>
  </datafield>
  <datafield tag="952" ind1=" " ind2=" ">
    <subfield code="0">0</subfield>
    <subfield code="1">0</subfield>
    <subfield code="2">ddc</subfield>
    <subfield code="5">1</subfield>
    <subfield code="7">0</subfield>
    <subfield code="8">PD</subfield>
    <subfield code="a">BNPHU</subfield>
    <subfield code="b">BNPHU</subfield>
    <subfield code="c">HD</subfield>
    <subfield code="d">2014-05-06</subfield>
    <subfield code="l">0</subfield>
    <subfield code="o">BNPHU PD 362.8292 R426m 2003</subfield>
    <subfield code="p">43838-10</subfield>
    <subfield code="r">2020-06-25</subfield>
    <subfield code="w">2020-06-25</subfield>
    <subfield code="y">LBS1</subfield>
    <subfield code="Z">No se presta</subfield>
  </datafield>
  <datafield tag="999" ind1=" " ind2=" ">
    <subfield code="c">43327</subfield>
    <subfield code="d">43327</subfield>
  </datafield>
</record>
